00301nam a2200121Ia 4500008004100000041000800041082001200049100001600061245002400077260004000101300003100141365000700172240624s9999 xx 000 0 und d aeng a823 NAR aNARAYAN R K aMEMORIES OF MALGUDI c1999aNew DelhibPenguin Book India avii, : 779 : p. : cm. ; 22 cRS